02026nas a2200241Ia 4500001001100000003001000011008004100021040002500062041001600087100001800103210001200121222001200133245006400145250001100209260005800220300001200278310001900290362003600309500064400345501011400989520064401103650003701747R100-R1535IT-CnALBA170116c99999999xx |||||||||||| ||und|| aIT-CnALBAcIT-CnALBA aPOLIGLOTTA  aJOLIVET REGIS aAQUINAS aAQUINAS 0aAQUINAS. N. I-III. ANNO IV. 1961. EPHEMERIDES THOMISTICAE.  a1a ed. aROMAbLATERANENSE PONTIFICIA UNIVERSITÀ ROMA'c1961 a388 p.  aQUADRIMESTRALE aFascicolo: 1-3 / Anno: 4 (1961) aTEMPO QUANTITA' ANIMA NEL PENSIERO ARISTOTELICO TOMISTICO. S. TOMMASO E LA METAFISICA DEL VIVENTE. PROBLEMA DELLA DEMITIZZAZIONE. PROVE DI DIO E SAPERE SCIENTIFICO. IMPLICAZIONI MORALI DELLA PRODUZIONE IN VITRO DELLA VITA UMANA. LEGGE ETERNA COME FONDAMENTO ULTIMO DEL DIRITTO SECONDO S. TOMMASO. LEICITA' DELLA RESISTENZA ALLA LEGGE INGIUSTA. PARTECIPAZIONE E CAUSALITA'. LIBRO SULLA CONOSCENZA DI DIO. CARATTERE PEDAGOGICO MISTICO DELLA FILOSOFIA DI S. BONAVENTURA. BIBLIOGRAFIA. NOTE DI CULTURA FILOSOFICA. RECENSIONI. STAFFA D. BORDONI M. BRENTON S. PEREGO A. PIZZORNI R. M. BLANCHARD P. FARIAS D. NIGRO C. INDICE GENERALE DEL VOLUME.  aSocietà San Paolo EM - Piazza San Paolo, 14 - 12051 ALBA (CN) (non commercial uses only) ® Copyright 2017 aTEMPO QUANTITA' ANIMA NEL PENSIERO ARISTOTELICO TOMISTICO. S. TOMMASO E LA METAFISICA DEL VIVENTE. PROBLEMA DELLA DEMITIZZAZIONE. PROVE DI DIO E SAPERE SCIENTIFICO. IMPLICAZIONI MORALI DELLA PRODUZIONE IN VITRO DELLA VITA UMANA. LEGGE ETERNA COME FONDAMENTO ULTIMO DEL DIRITTO SECONDO S. TOMMASO. LEICITA' DELLA RESISTENZA ALLA LEGGE INGIUSTA. PARTECIPAZIONE E CAUSALITA'. LIBRO SULLA CONOSCENZA DI DIO. CARATTERE PEDAGOGICO MISTICO DELLA FILOSOFIA DI S. BONAVENTURA. BIBLIOGRAFIA. NOTE DI CULTURA FILOSOFICA. RECENSIONI. STAFFA D. BORDONI M. BRENTON S. PEREGO A. PIZZORNI R. M. BLANCHARD P. FARIAS D. NIGRO C. INDICE GENERALE DEL VOLUME.  aFILOSOFIA E DISCIPLINE COLLEGATE